000 00701nam a2200193Ia 4500
005 20260429112245.0
008 260429s9999||||xx |||||||||||||| ||und||
020 _a9788178543055
041 _aHindi
082 _a294.5922
_bSAD
100 _aसाध्वी
245 0 _aश्री वाल्मीकीय रामायण में श्री सीताजी का जीवन-दर्शन /
_cसाध्वी
250 _a1st ed.
260 _aदिल्ली :
_bईस्टर्न बुक लिंकर,
_c2016.
300 _axvii, 457 p.; Hb
650 _aValmikiya Ramayan
700 _a देवी, विश्वेश्वरी
942 _cTB
999 _c53163
_d53163